Deuses Gregos - Statistics

Estatísticas Gerais
  • Esse quiz foi jogado 1 074 vezes
  • A pontuação média é 12 de 15
Estatísticas das Respostas
Hint Resposta % Correto
Raio Zeus
98%
Beleza Afrodite
97%
Submundo Hades
95%
Mar Poseidon
95%
Sabedoria Atena
94%
Guerra Ares
91%
Mensageiro Hermes
87%
Sol Apolo
86%
Vinho Dionisio
86%
Caça Ártemis
79%
Familia Hera
76%
Armas Hefesto
70%
Colheita Deméter
66%
Bruxas Hecate
40%
Força Cratos
22%
Nenhum quiz correspondente encontrado
Distribuição das Pontuações
Porcentagem de Pessoas com Cada Pontuação
Percentil de Números Respondidos
Sua Pontuação Histórica
Você não jogou esse quiz